000 00495nam a22001577a 4500
003 OSt
005 20151102152318.0
008 151102b xxu||||| |||| 00| 0 eng d
040 _cRUA
082 _aFOR យ៉ុន​ 1992 B117 Or.1
100 _93199
_aយ៉ុន យុវរិទ្ធ
245 _aការសិក្សាបច្ចេកទេសព្រៃឈើនៅកម្ពុជា
260 _aPhnom Penh
_bRUA
_c1992
300 _a72p.
_bill.
_c29cm.
942 _2ddc
_cFOR
999 _c2985
_d2985